Państwa nad Morzem Adriatyckim z mapą - Statystyki

Ogólne statystyki
  • Ten quiz został rozwiązany 24 777 razy
  • Średni wynik to 6 z 6
Odpowiedzi na mapie
Odpowiedzi zakodowano w zielono-czerwonej skali na mapie do tego quizu, zgodnie z poniższymi procentami.
 
Statystyki odpowiedzi
Państwo % Poprawnych
Włochy
100%
Chorwacja
99%
Bośnia i Hercegowina
97%
Albania
95%
Słowenia
95%
Czarnogóra
94%
Nie znaleziono quizów pasujących do podanych kryteriów
Rozkład punktacji
Procent ludzi z każdym wynikiem
Percentyl według liczby udzielonych odpowiedzi
Twoja historia wyników
Nie rozwiązałeś tego quizu